• 首页
  • 本馆介绍
  • 公告通知
  • 最新文献
  • 馆藏检索
  • 电子资源
  • 读者导购
  • 参考咨询
  • 我的图书馆
  • 登录
  • 详细信息显示
  • 放入我的书架
  • 预约/预借图书
  • 作者相关作品
  • 分类相关作品
  • 丛书相关作品
  • 出版社相关作品

书目信息

  • 表格格式
  • 工作单格式
  • 卡片格式
题名:
美国政府与政治
    
 
作者: 比尔德 著 ;朱曾汶 译
分册: 上册  
出版信息: 北京   商务印书馆  1987
页数: 528页
开本: 20cm
丛书名:
单 册:
中图分类: D771.22
科图分类:
主题词: 政治制度--美国 , 国家机构--美国
电子资源:
ISBN:
000 00739nam0 2200253 45
001 0187001145
005 20050627162110.6
010    @dCNY5.40
091    @a3017.393
100    @a19900808d1987 kemy0chiy0121 ea
101 1  @achi@ceng
102    @aCN@b110000
105    @ay z 000yy
200 10 @a美国政府与政治@Amei guo zheng fu yu zheng zhi@h上册@f(美)查尔斯·A·比尔德著@F(Mei)Cha Er Si·A·Bi Er De Zhu@g朱曾汶译
210    @a北京@c商务印书馆@d1987
215    @a528页@d20cm
606 0  @a政治制度@y美国
606 0  @a国家机构@y美国
690    @aD771.22@v3
701  0 @a比尔德@4著
702  0 @a朱曾汶@Azhu ceng wen@4译
801  0 @aCN@b深圳图书馆@c20040428
801  2 @aCN@bNLC@c20040428
905    @dD771.22@f1@b201548@e125:1
    
    美国政府与政治.上册/(美)查尔斯·A·比尔德著/朱曾汶译.-北京:商务印书馆,1987
    528页;20cm
    
    
    ISBN :CNY5.40
    
●
相关链接 在E读中查询图书 在五车中查询图书 在当当中查询图书 在豆瓣中查询图书


正题名:美国政府与政治     索取号:D771.22/125:1         预约/预借

序号 登录号 条形码 馆藏地/架位号 状态 备注
1 0201544   001012184   第一借阅区/ [索取号:D771.22/125:1] 在馆    
2 0201545   001012166   密集书库/ [索取号:D771.22/125:1] 在馆    
3 0201546   001012941   第一借阅区/ [索取号:D771.22/125:1] 在馆    
4 0201547   001012175   密集书库/ [索取号:D771.22/125:1] 在馆    
唐山师范学院图书馆 欢迎您!
大连网信软件有限公司© 版权所有